000 00277nam a2200121 i 4500
001 bg
245 0 _aIssledovanija po jadernoj i teoreticeskoj fizike.
260 _aTasken,
_c1969.
040 _cBPK
041 _apol
942 _cKS
008 s pl f |000 0 pol
999 _c8983
_d8983
856 _uhttp://koha.tu.koszalin.pl/cgi-bin/koha/opac-detail.pl?biblionumber=8983
_yKatalog online BPK